书目信息 |
| 书名: | Communication in history | |
| 作者: | [edited by] David Crowley & Paul Heyer | |
| 分册号: | ||
| 分册名: | 出版地: | White Plains, N.Y. : |
|
| 出版社: | Longman Publishers USA | |
| 出版时间: | c1995. | |
| 页数: | 290 p. : | |
| 开本: | 24 cm. | |
| 丛书名: | ||
| 中图分类号: | ||
| 科图分类号: | ||
| 其他分类号: | C91 | |
| 主题词: | ||
| 电子资源: | ||
| 000 | 00963nam 2200289 a 4500 | |
| 001 | E0739907228 | |
| 003 | DLC | |
| 005 | 20070423110825.64 | |
| 008 | 001 0 eng | |
| 008 | uu | |
| 010 | @a94022579 | |
| 020 | @a0801312507. | |
| 040 | @aDLC @cDLC @dDLC | |
| 049 | @aN5LA | |
| 050 | 00 | @aP90 @b.C62945 1995 |
| 082 | 00 | @a302.2/09 @220 |
| 090 | @aC91 | |
| 099 | @dC91@ex55 | |
| 245 | 00 | @aCommunication in history :@btechnology, culture, society / @c[edited by] David Crowley & Paul Heyer |
| 260 | @aWhite Plains, N.Y. :@bLongman Publishers USA,@cc1995. | |
| 300 | @a290 p. :@bill. ;@c24 cm. | |
| 504 | @aIncludes bibliographical references (p. 359-362) and index. | |
| 650 | 0 | @aCommunication @xHistory. |
| 650 | 0 | @aMass media @xHistory. |
| 700 | 10 | @aHeyer, Paul, @d1946- @b00 @c20020930 @lNLC09 @h2252 @lNLC09 @h0008 @lNLC09 @h2000 |
| 700 | 10 | @aCrowley, D. J. @q(David J.), @d1945- |
| 852 | 9 | @bWWJC @k2-98 @hG206-09 @iC73/1995 @cJ09 |
| Communication in history : : technology, culture, society / / [edited by] David Crowley & Paul Heyer.-White Plains, N.Y. : : Longman Publishers USA, , c1995. |
| 290 p. : : ill. ; ; 24 cm. |
| Includes bibliographical references (p. 359-362) and index. |
| ISBN 0801312507. |
| ● |
| 相关链接 |
|
|
|
|
正题名:Communication in history
索取号:C91/x55
 
预约/预借
| 序号 | 登录号 | 条形码 | 馆藏地/架位号 | 状态 | 备注 |
| 1 | 4634 | 300046340 | 第二样本阅览室/ [索取号:C91/x55] | 在馆 |